American Book English / (Record no. 7525)
[ view plain ]
| 000 -LEADER | |
|---|---|
| fixed length control field | 01033nam a22003012a 4500 |
| 001 - CONTROL NUMBER | |
| JCCL Control Number | 7525 |
| 003 - CONTROL NUMBER IDENTIFIER | |
| JCCL marc code | BD - JhCC |
| 005 - DATE AND TIME OF LATEST TRANSACTION | |
| control field | 20181006120650.0 |
| 008 - FIXED-LENGTH DATA ELEMENTS--GENERAL INFORMATION | |
| fixed length control field | 500101s1935 enkf b 001 0 eng d |
| 035 ## - SYSTEM CONTROL NUMBER | |
| system control number | (BD - JhCC)7525 |
| 040 ## - CATALOGING SOURCE | |
| Original cataloging agency | OQP |
| Transcribing agency | OQP |
| Modifying agency | EQO |
| -- | BD - JhCC |
| 041 ## - LANGUAGE CODE | |
| Language code of Book | eng |
| 082 ## - DEWEY DECIMAL CLASSIFICATION NUMBER | |
| Classification number | 428.2 |
| DDC Edition number | 19 |
| Author mark and Year | FIL 1980 |
| 100 ## - MAIN ENTRY--PERSONAL NAME | |
| Personal name | Thompson, Fillmer, H. |
| 245 ## - TITLE STATEMENT | |
| Title | American Book English / |
| Statement of responsibility, etc | Fillmer, H. Thompson, Ann Lefcourt and Nell C. Thompson |
| 260 ## - PUBLICATION, DISTRIBUTION, ETC. (IMPRINT) | |
| Place of publication, distribution, etc | London : |
| Name of publisher, distributor, etc | Constable ; |
| Place of publication, distribution, etc | New York : |
| Name of publisher, distributor, etc | R.R. Bowker Co, |
| Date of publication, distribution, etc | 1980 |
| 300 ## - PHYSICAL DESCRIPTION | |
| Pagination | xvi, 170, viii p., 8 leaves of plates ; |
| Dimensions | 23 cm |
| 500 ## - GENERAL NOTE | |
| General note | Includes index |
| 650 #0 - SUBJECT ADDED ENTRY--TOPICAL TERM | |
| Topical term or geographic name as entry element | English literature |
| General subdivision | First editions |
| 650 #0 - SUBJECT ADDED ENTRY--TOPICAL TERM | |
| Topical term or geographic name as entry element | American literature |
| General subdivision | First editions |
| Form subdivision | Bibliography. |
| 650 #0 - SUBJECT ADDED ENTRY--TOPICAL TERM | |
| Topical term or geographic name as entry element | English literature |
| Chronological subdivision | 19th century |
| General subdivision | Bibliography |
| 650 #0 - SUBJECT ADDED ENTRY--TOPICAL TERM | |
| Topical term or geographic name as entry element | Books |
| General subdivision | Pirated editions |
| 700 ## - ADDED ENTRY--PERSONAL NAME | |
| Personal name | Lefcourt, Ann |
| 700 ## - ADDED ENTRY--PERSONAL NAME | |
| Personal name | Thompson, Nell C. |
| 830 #0 - SERIES ADDED ENTRY--UNIFORM TITLE | |
| Uniform title | Bibliographia, studies in book history and book structure, 1750-1900 ; |
| Volume number/sequential designation | no. 9 |
| 942 ## - ADDED ENTRY ELEMENTS (KOHA) | |
| Source of classification or shelving scheme | Dewey Decimal Classification |
| Koha item type | Books |
| Source of classification or shelving scheme | Damaged status | Not for loan | Home library | Current library | Shelving location | Total Checkouts | Full call number | Barcode | Date last seen | Copy number | Koha item type |
|---|---|---|---|---|---|---|---|---|---|---|---|
| Dewey Decimal Classification | JCC Rouf Library | JCC Rouf Library | General Stacks | 428.2 FIL 1980 | 10160 | 02/11/2018 | C - 1 | Books |